000 00668nam a22002057a 4500
999 _c10418
_d10418
003 AR-CdUCM
008 190401b ||||| |||| 00| 0 spa d
040 _aMUNICIPALIDAD PROVINCIAL DEL CUSCO
_cBIBLIOTECA MUNICIPAL DEL CUSCO
082 _26ed.
_aES / 800 /
_bES86
100 _aEspinar, Jaime
_927258
245 _aMaría Curie :
_bSu vida y su obra /
260 _aBuenos Aires ;
_bAtlantida S. A. ;
_c1960.
300 _a114 páginas ;
_bIlustraciones
_c17cm
440 _aBiblioteca Billiken - Colección Verde
_927259
505 _aContenido: Novela
650 _aNovela
_9572
650 _aLiteratura juvenil
_91580
942 _2ddc
_cLIBROS
945 _anom